Knosys : base de datos documental = text database base de datos documental = text database
Descripción Física:
3 v. ; 22 cm
Otros Autores:
Micronet
MARC
| LEADER | 00000nam a2200000Ia 4500 | ||
|---|---|---|---|
| 001 | |||
| 008 | 160829s9999 xx 000 0 cat d | ||
| 080 | |a Sala Tècnica | ||
| 245 | |a Knosys : |b base de datos documental = text database | ||
| 260 | |a [Madrid?] : |b Micronet, DL 1993 | ||
| 300 | |a 3 v. ; |c 22 cm | ||
| 590 | |a Versió 4.0. | ||
| 590 | |a Presentació dins d'una capsa de cartó. | ||
| 590 | |a Conté: v.1: Manual de referencia; v.2: Guía de usuario; v.3: Licencia de uso de software | ||
| 650 | |a Bases de dades |x Manuals, guies, etc. |9 39715 | ||
| 650 | |a Informàtica |x Manuals, guies, etc. |9 47786 | ||
| 700 | |a Micronet |9 33359 | ||
| 901 | |a Arxiu | ||
| 942 | |n 1 | ||
| 952 | |0 0 |1 0 |4 0 |6 SALA_TÈCNICA |7 1 |9 49173 |a Arxiu |b Arxiu |d 2016-12-01 |l 0 |o Sala Tècnica |r 2016-12-01 00:00:00 |w 2016-12-01 |y ARXIU | ||
| 999 | |c 53013 |d 53013 | ||